Music Quiz

Random Music or Kpop Quiz

BTS Audio Game Quiz Stats

 Plays Quiz not verified by Sporcle

Support Sporcle.
Go Orange.
Score 0/54 Timer 15:00
0 Plays Today
Time Answer % Correct
0:00-0:08Run
99.2%
0:14-0:21Dope
92.1%
0:59-1:03Danger
77.6%
0:30-0:38Ma City
74.1%
1:21-1:27No More Dream
71.4%
1:27-1:32War of Hormone
71.1%
0:21-0:30Fun Boys
69.2%
2:56-3:05Just One Day
63.8%
3:48-3:54I Need U
63.8%
3:54-4:00Boy In Luv
62.1%
3:37-3:44Jump
60.3%
4:09-4:13We Are Bulletproof Pt.2
59.1%
1:32-1:38Let Me Know
58.9%
1:08-1:12I Like It
55.6%
3:05-3:11Tomorrow
55.6%
1:57-2:02Rain
54.1%
4:56-5:04Baepsae
53.2%
3:44-3:48Intro: Nevermind
53%
4:19-4:26Butterfly
52.9%
5:25-5:28N.O.
52.9%
3:31-3:37Whalien 52
51.5%
0:45-0:482nd Grade
51%
5:33-5:40Outro: House of Cards
50.9%
4:00-4:09Dead Leaves
50.4%
4:13-4:19Miss Right
49.4%
2:25-2:30Attack on Bangtan
47.6%
5:04-5:11Spine Breaker
47.6%
Time Answer % Correct
0:08-0:14We On
45.9%
1:38-1:44For You
45.7%
1:52-1:57Blanket Kick
44.9%
1:04-1:08Hip Hop Lover
44.3%
0:53-0:59Move
43.3%
5:28-5:33Cypher Pt.3: Killer
43.3%
1:44-1:52Look Here
43.1%
2:30-2:37Satoori Rap
43.1%
4:26-4:33Converse High
42.8%
3:11-3:20Cypher Pt. 2
41.8%
5:16-5:25Hold Me Tight
40.6%
3:26-3:31Do You
37.6%
0:48-0:53Intro: What am I to you?
37.5%
3:20-3:26Could You Turn Off Your Phone
34.6%
4:39-4:48Outro: Love Is Not Over
34.5%
2:09-2:18If I Ruled The World
34.3%
2:51-2:56Where Did You Come From
33.5%
4:33-4:39Outro: Propose
32.8%
4:48-4:56Coffee
32.6%
0:38-0:4424|7=Heaven
31%
5:11-5:16Intro: The most beautiful moment in life
26.6%
2:18-2:25Cypher Pt. 1
24.5%
2:02-2:09Outro: Does That Make Sense
20.6%
1:12-1:17Road
19.3%
1:17-1:21Intro: 2 Cool 4 Skool
14.3%
2:44-2:51Intro: Skool Luv Affair
9.7%
2:37-2:44P.D.D
7.8%

You're not logged in!

Compare scores with friends on all Sporcle quizzes.
OR
Log In

From the Vault

MLB Most Saves (Season)

by Ben

If you didn't know much about sports you might think these are guys who always rush into a burning building or something.
Remove Ads.
Support Sporcle.
Get the best of Sporcle when you Go Orange. This ad-free experience offers more features, more stats, and more fun while also helping to support Sporcle. Thank you for becoming a member.

Show Comments

Extras

Top Quizzes Today


Score Distribution

Your Account Isn't Verified!

In order to create a playlist on Sporcle, you need to verify the email address you used during registration. Go to your Sporcle Settings to finish the process.

Report this User

Report this user for behavior that violates our Community Guidelines.

Details: